A garden grows in Eden; (Запис № 500081)

МАРК-запис
000 -LEADER
fixed length control field 01350cam a2200313 4500
001 - CONTROL NUMBER
control field gardengrowsinede00shaf
003 - CONTROL NUMBER IDENTIFIER
control field CaSfIA
005 - DATE AND TIME OF LATEST TRANSACTION
control field 20210118085241.0
007 - PHYSICAL DESCRIPTION FIXED FIELD--GENERAL INFORMATION
fixed length control field cr||||
008 - FIXED-LENGTH DATA ELEMENTS--GENERAL INFORMATION
fixed length control field 730314s1972 caua b 001 0 eng
010 ## - LIBRARY OF CONGRESS CONTROL NUMBER
LC control number 73155956
040 ## - CATALOGING SOURCE
Original cataloging agency DLC
Transcribing agency DLC
Modifying agency SJL
-- CaSfIA
035 ## - SYSTEM CONTROL NUMBER
System control number (OCoLC)659894
043 ## - GEOGRAPHIC AREA CODE
Geographic area code n-us-ca
050 04 - LIBRARY OF CONGRESS CALL NUMBER
Classification number F869.S345
Item number S5
082 ## - DEWEY DECIMAL CLASSIFICATION NUMBER
Classification number 917.94/65
100 1# - MAIN ENTRY--PERSONAL NAME
Personal name Shaffer, Harry E.
245 12 - TITLE STATEMENT
Title A garden grows in Eden;
Medium [electronic resource]
Remainder of title the centennial story of San Leandro.
250 ## - EDITION STATEMENT
Edition statement [Limited 1st ed.]
260 ## - PUBLICATION, DISTRIBUTION, ETC. (IMPRINT)
Place of publication, distribution, etc San Leandro, Calif.,
Name of publisher, distributor, etc San Leandro Historical-Centennial Committee
Date of publication, distribution, etc [1972]
300 ## - PHYSICAL DESCRIPTION
Extent viii, 234 p.
Other physical details illus.
Dimensions 23 cm.
504 ## - BIBLIOGRAPHY, ETC. NOTE
Bibliography, etc Bibliography: p. 143-151.
506 ## - RESTRICTIONS ON ACCESS NOTE
Standardized terminology for access restriction Необхідна авторизація на https://archive.org/ (створення облікового запису безкоштовно)
506 ## - RESTRICTIONS ON ACCESS NOTE
Standardized terminology for access restriction Необхідна авторизація на https://openlibrary.org/ (створення облікового запису безкоштовно)
651 #0 - SUBJECT ADDED ENTRY--GEOGRAPHIC NAME
Geographic name San Leandro (Calif.)
General subdivision History.
856 41 - ELECTRONIC LOCATION AND ACCESS
Uniform Resource Identifier <a href="http://www.archive.org/details/gardengrowsinede00shaf">http://www.archive.org/details/gardengrowsinede00shaf</a>
Public note Free eBook from the Internet Archive
856 42 - ELECTRONIC LOCATION AND ACCESS
Uniform Resource Identifier <a href="http://www.openlibrary.org/books/OL5453810M">http://www.openlibrary.org/books/OL5453810M</a>
Public note Additional information and access via Open Library
942 ## - ADDED ENTRY ELEMENTS (KOHA)
Koha item type ЕКнига

Немає доступних примірників.